|
|
|
|
| LEADER |
00000nam a2200000 a 4500 |
| 001 |
vtls009190173 |
| 003 |
SK-MaSNL |
| 005 |
20260302005623.0 |
| 008 |
240314s2007 xo d 000 0 hun |
| 015 |
|
|
|a SNBA2008/03-01394
|
| 020 |
|
|
|a 9788071499305
|q (brož.)
|
| 035 |
|
|
|a E0786B03-01FD-4158-9FC2-E577F047B4EE
|
| 035 |
|
|
|a urn:nbn:sk:snk-amld6t
|
| 035 |
|
|
|a urn:nbn:sk:snk-am0090m3
|
| 040 |
|
|
|a SNK
|b slo
|c SNK
|e AACR2
|
| 041 |
0 |
|
|a hun
|
| 043 |
|
|
|a e-cs---
|
| 044 |
|
|
|a xo
|c SK
|
| 072 |
|
7 |
|a 323
|x Vnútropolitický vývoj, politický život
|2 konspekt
|
| 072 |
|
7 |
|a 94(437)
|x Dejiny Česka a Slovenska
|2 konspekt
|
| 080 |
|
|
|a 323.15
|2 2001
|
| 080 |
|
|
|a (=511.141)
|2 2001
|
| 080 |
|
|
|a 94(437)
|2 2001
|
| 080 |
|
|
|a (048)
|2 2001
|
| 100 |
1 |
|
|a Filep, Tamás Gusztáv,
|d 1961-
|4 aut
|9 107231
|
| 245 |
1 |
0 |
|a A humanista voksa
|b írások a csehszlovákiai magyar kisebbség történetének köréből : 1918-1945
|c Filep Tamás Gusztáv
|
| 250 |
|
|
|a 1. kiad.
|
| 260 |
|
|
|a Pozsony
|b Kalligram
|c 2007
|
| 300 |
|
|
|a 293 s.
|c 24 cm
|
| 500 |
|
|
|a Tiráž aj slov.
|
| 504 |
|
|
|a Bibliogr. s. 290-293. Pozn.
|
| 648 |
|
7 |
|a 1918-1945
|2 SNKPH
|9 276922
|
| 650 |
0 |
7 |
|a národnostné menšiny
|2 SNKPH
|9 2669
|
| 650 |
0 |
7 |
|a Maďari
|2 SNKPH
|9 18097
|
| 651 |
|
7 |
|a Československo
|x dejiny
|2 SNKPH
|9 161432
|
| 655 |
|
7 |
|a štúdie
|2 SNKPH
|9 57033
|
| 752 |
|
|
|a Slovensko
|d Bratislava
|
| 919 |
|
|
|a 978-80-7149-930-5
|
| 958 |
|
|
|a NB
|
| 958 |
|
|
|a HU
|
| 958 |
|
|
|a NM
|
| 958 |
|
|
|a OND
|
| 968 |
|
|
|d 93/94
|
| 999 |
|
|
|c 1000139
|d 1002069
|
| 952 |
|
|
|a SNK
|b SNK
|y PREZ
|7 0
|p 17A0581153
|o snkSC 131190
|i snk2008/5909
|8 0
|0 0
|1 0
|4 0
|d 2008-03-10
|f 1
|l 0
|r 2025-06-19 00:00:00
|w 2026-02-24
|
| 952 |
|
|
|a SNK
|b SNK
|y VYP
|7 0
|p 17A0581231
|o snkSC 131190 D1
|i snk2008/5910
|8 0
|0 0
|1 0
|4 0
|d 2008-03-10
|l 0
|r 2026-02-24 12:16:59
|w 2026-02-24
|